Nursing fundamentals demystified / (رقم التسجيلة. 26612)

تفاصيل مارك
000 -الفاتح
حقل البيانات ثابتة الطول 01692cam a22003614a 4500
001 - رقم الضبط
رقم الضبط 16095763
003 - محدد رقم الضبط
رقم الضبط OSt
005 - وقت وتاريخ اخر تعامل مع التسجيلة
رقم الضبط 20150408114106.0
008 - عناصر البيانات ثابتة الطول - معلومات عامة
حقل البيانات ثابتة الطول 100216s2011 nyua b 001 0 eng
010 ## - رقم ضبط مكتبة الكونجرس
رقم ضبط مكتبة الكونجرس 2010006316
016 7# - رقم ضبط الوكاله الوطنية للضبط الببليوجرافي
رقم ضبط التسجيلة 101524341
المصدر DNLM
020 ## - الرقم الدولى المعيارى للكتب
الرقم الدولى المعيارى للكتاب 9780071495707 (pbk. : alk. paper)
020 ## - الرقم الدولى المعيارى للكتب
الرقم الدولى المعيارى للكتاب 0071495703 (pbk. : alk. paper)
035 ## - رقم ضبط النظام
رقم ضبط النظام (OCoLC)ocn520441447
040 ## - مصدر الفهرسة
وكالة الفهرسة الأصلية DNLM/DLC
وكالة النسخ DLC
وكالة التعديل NLM
-- YDXCP
-- BTCTA
-- BAKER
-- JED
-- VVW
-- QBX
-- C#P
-- BWX
-- CDX
-- DLC
042 ## - رمز التحقق
رمز التحقق pcc
050 00 - رقم طلب مكتبة الكونجرس
رقم التصنيف RT41
رقم المادة .V38 2011
060 00 - رقم الطلب بالمكتبة الطبية الوطنية
رقم التصنيف 2010 I-197
060 10 - رقم الطلب بالمكتبة الطبية الوطنية
رقم التصنيف WY 100
رقم المادة V371 2011
082 00 - رقم تصنيف ديوى العشرى
رقم التصنيف 610.73
رقم الطبعة 22
رقم المادة VBN
100 1# - المدخل الرئيسى - إسم شخصى
الإسم الشخصى Vaughans, Bennita W.
9 (RLIN) 18922
245 10 - بيان العنوان
العنوان Nursing fundamentals demystified /
بيان المسئوليه,etc Bennita W. Vaughans.
260 ## - PUBLICATION, DISTRIBUTION, ETC. (IMPRINT)
مكان الناشر او الموزع New York :
اسم الناشر او الموزع McGraw-Hill Medical,
تاريخ النشر أو التوزيع c2011.
300 ## - الوصف المادى
التعداد xviii, 332 p. :
تفاصيل ماديه اخرى للوعاء ill. ;
أبعاد الوعاء 24 cm.
504 ## - تبصرة ببليوجرافية
تبصرة ببليوجرافية,الخ Includes bibliographical references and index.
505 0# - تبصرة محتويات-الفهرس
تبصرة المحتويات المصاغة Part I. Introduction to the nursing profession. Nursing, an evolving profession -- The nursing process -- Part II. Fundamental principles of nursing care. Communication and documentation -- Vital sign assessment -- Health assessment -- Medication administration -- Safety -- Part III. Meeting basic human needs. Skin integrity -- Activity and mobility -- Sensory and cognition -- Sleep and comfort -- Oxygenation -- Nutrition -- Fluid, electrolyte, and acid-base balance -- Urinary elimination -- Bowel elimination -- Psychosocial needs.
650 #0 - المدخل الاضافى بالموضوع-مصطلح موضوعى
مصطلح موضوعي أو اسم جغرافي كعنصر مدخل Nursing.
650 12 - المدخل الاضافى بالموضوع-مصطلح موضوعى
مصطلح موضوعي أو اسم جغرافي كعنصر مدخل Nursing Process.
650 22 - المدخل الاضافى بالموضوع-مصطلح موضوعى
مصطلح موضوعي أو اسم جغرافي كعنصر مدخل Nursing Care.
906 ## - عنصر بيانات محلى F, LDF (RLIN)
a 7
b cbc
c orignew
d 1
e ecip
f 20
g y-gencatlg
942 ## - عناصر المدخل الإضافي( كوها)
مصدر التصنيف او مخطط الترفيف Dewey Decimal Classification
Koha [default] item type DVD
المقتنيات
حالة الفقد نموذج السعر الفعال حالة تلف ليس للاعارة رقم الطلب تاريخ الاكتساب الموقع الحالي الباركود الفرع الرئيسي Date last seen نوع المادة فى نظام كوها مصدر التصنيف او خطة الترفيف Total Checkouts
  2013-03-10     610.73 VBN 2012-12-27 المكتبة المركزية بالمجمعة (CL) 00400565 المكتبة المركزية بالمجمعة (CL) 2013-03-10 كتاب Dewey Decimal Classification  
  2013-03-10     610.73 VBN 2012-12-27 المكتبة المركزية بالمجمعة (CL) 00400566 المكتبة المركزية بالمجمعة (CL) 2013-03-10 كتاب Dewey Decimal Classification  
  2013-03-10     610.73 VBN 2012-12-27 المكتبة المركزية بالمجمعة (CL) 00400564 المكتبة المركزية بالمجمعة (CL) 2013-03-10 كتاب Dewey Decimal Classification